000 00315nam a2200133Ia 4500
005 20260328104325.0
008 260328s9999||||xx |||||||||||||| ||und||
100 _aZukowsky, John
245 0 _aBuilding Chicago /
_cJohn Zukowsky
260 _bRizzoli
300 _a305 p.
650 _aESTADOS UNIDOS
942 _cBK
999 _c11483
_d11483